Foods that start with U - Statistics

General Stats
  • This quiz has been taken 37 times
  • The average score is 2 of 8
Answer Stats
Picture Answer % Correct
Udon
82%
Ube
33%
Ugli
18%
Ugali
6%
Ugni
3%
Upma
3%
Urfa
3%
Uthappam
3%
No matching quizzes found
Score Distribution
Percent of People with Each Score
Percentile by Number Answered
Your Score History
You have not taken this quiz